|
|
|
|
| LEADER |
01130nam a22003012i 4500 |
| 001 |
000253093 |
| 003 |
CZ BrMZK |
| 005 |
20221001180657.0 |
| 007 |
ta |
| 008 |
031026s1909 gw a f |||| 0 ger d |
| 040 |
|
|
|a BOD001
|b cze
|e rda
|
| 072 |
|
7 |
|a 359
|x Vojenské námořnictvo a loďstvo
|2 Konspekt
|9 15
|
| 080 |
|
|
|a (048.8)
|2 MRF
|
| 100 |
1 |
|
|a Schwarz, Tjard,
|d 1904-1905
|4 aut
|
| 245 |
1 |
4 |
|a Die Entwickelung des Kriegsschiffbaues vom Altertum bis zur Neuzeit.
|n I. Teil,
|p Das Zeitalter der Ruderschiffe und der Segelschiffe für die Kriegführung zur See vom Altertum bis 1840 /
|c von Tjard Schwarz
|
| 264 |
|
1 |
|a Leipzig :
|b G.J. Göschen'sche Verlagshandlung,
|c 1909
|
| 300 |
|
|
|a 144 stran :
|b ilustrace
|
| 336 |
|
|
|a text
|b txt
|2 rdacontent
|
| 337 |
|
|
|a bez média
|b n
|2 rdamedia
|
| 338 |
|
|
|a svazek
|b nc
|2 rdacarrier
|
| 490 |
1 |
|
|a Sammlung Göschen ;
|v 471
|
| 655 |
|
7 |
|a přehledy
|7 fd133202
|2 czenas
|
| 830 |
|
0 |
|a Sammlung Göschen ;
|v 471
|
| 910 |
|
|
|a BOA001
|b 1-0063.221,471
|
| 990 |
|
|
|a BK
|
| 993 |
|
|
|a Y
|
| 991 |
|
|
|b 202209
|
| 996 |
6 |
|
|b 2619903160
|c 1-0063.221,471
|l MZK
|r Sklad / do 1 hodiny
|n 4
|w 000253093
|u 000010
|a 1
|e BOA001
|j MZK50
|s P
|